Desamortización de los montes públicos (Record no. 168101)

MARC details
000 -LEADER
campo de control de longitud fija 00974nam a2200193 i 4500
001 - NÚMERO DE CONTROL
campo de control 168101
003 - IDENTIFICADOR DE NÚMERO DE CONTROL
campo de control ES-MaACL
005 - FECHA Y HORA DE LA ÚLTIMA TRANSACCIÓN
campo de control 20230906213706.0
008 - DATOS DE LONGITUD FIJA--INFORMACIÓN GENERAL
campo de control de longitud fija 000920s1886 sp |||| | spa d
100 1# - ENTRADA PRINCIPAL--NOMBRE DE PERSONA
Nombre de persona Zafra, Diego José Rodríguez de Bahamonde Lanz
Títulos y otros términos asociados al nombre Marqués de.
9 (RLIN) 134009
245 10 - MENCIÓN DEL TÍTULO
Título Desamortización de los montes públicos
Resto del título : discurso y conclusiones pronunciado y formuladas en la Asociación General de Agricultores de España (sesión del 17 de abril de 1886) /
Mención de responsabilidad, etc. por Diego José R. de Bahamonde Lanz Jaime de Aragón y Palacio Marqués de Zafra.
260 ## - PUBLICACIÓN, DISTRIBUCIÓN, ETC.
Lugar de publicación, distribución, etc. Madrid :
Nombre del editor, distribuidor, etc. [s.n.],
Fecha de publicación, distribución, etc. 1886 (
Fabricante tipografía de Manuel G. Hernández)
300 ## - DESCRIPCIÓN FÍSICA
Extensión 15 p. ;
Dimensiones 23 cm.
650 #4 - PUNTO DE ACCESO ADICIONAL DE MATERIA--TÉRMINO DE MATERIA
Término de materia o nombre geográfico como elemento de entrada Montes públicos-
Subdivisión geográfica España.
9 (RLIN) 143761
650 #4 - PUNTO DE ACCESO ADICIONAL DE MATERIA--TÉRMINO DE MATERIA
Término de materia o nombre geográfico como elemento de entrada Montes-
Subdivisión general Desamortización.
9 (RLIN) 136533
650 #4 - PUNTO DE ACCESO ADICIONAL DE MATERIA--TÉRMINO DE MATERIA
Término de materia o nombre geográfico como elemento de entrada Desamortización-
Subdivisión geográfica España-
Subdivisión cronológica S.XIX.
9 (RLIN) 175838
852 4# - LOCALIZACIÓN
Ubicación ES-MaACL
Número de control de estantería T-832-F-2
Nota libre - Enc. hol., conservando cub. original
-- - Enc. en un vol. facticio
852 4# - LOCALIZACIÓN
Ubicación ES-MaACL
Número de control de estantería T-520-F-2
Holdings
Estatus retirado Estado de pérdida Estado de daño No para préstamo Colección Biblioteca de origen Biblioteca actual Ubicación en estantería Fecha de adquisición Fuente de adquisición Total de préstamos Signatura topográfica completa Código de barras Visto por última vez Precio de reemplazo Tipo de ítem Koha
        Colección de folletos Biblioteca del Ateneo de Madrid Biblioteca del Ateneo de Madrid Depósito folletos 15/10/2014     T-520-F-2 1193245 23/02/2023 23/02/2023 Folleto
        Colección de folletos Biblioteca del Ateneo de Madrid Biblioteca del Ateneo de Madrid Depósito folletos 17/01/2008     T-832-F-2 1176378 23/02/2023 23/02/2023 Folleto